US Navy Ship Classes - Statistics

General Stats
  • This quiz has been taken 102 times
  • The average score is 10 of 23
Answer Stats
Picture Answer % Correct
Arleigh Burke
82%
Gerald R. Ford
81%
Nimitz
80%
Ohio
75%
Zumwalt
72%
America
65%
Ticonderoga
65%
Los Angeles
63%
Virginia
63%
Independence
61%
Seawolf
58%
Freedom
56%
San Antonio
44%
Wasp
43%
Blue Ridge
29%
Avenger
20%
Cyclone
18%
Harpers Ferry
15%
Whidbey Island
10%
Banner
9%
Emory S. Land
6%
Original Six Frigates
4%
Montford Point
1%
No matching quizzes found
Score Distribution
Percent of People with Each Score
Percentile by Number Answered
Your Score History
You have not taken this quiz